| 000 | 00377nam a22001097a 4500 | ||
|---|---|---|---|
| 999 |
_c508777 _d508777 |
||
| 082 | _aY261x54 M725 | ||
| 100 |
_aSmrutirekha Mohanty _94268 |
||
| 245 |
_aPublic -private wage gap in the Indian mining and quarrying industry _cMohanty, Smrutirekha |
||
| 260 |
_aAhmadabad _bSardar Patel Institute of Economic and Social Research _c2018 |
||
| 300 | _a26p. | ||
| 500 | _aWorking paper 25 | ||